| 000 | 00604nam a22001937a 4500 | ||
|---|---|---|---|
| 999 |
_c2046 _d2046 |
||
| 003 | AR-CdUCM | ||
| 008 | 190228b ||||| |||| 00| 0 spa d | ||
| 040 |
_aMUNICIPALIDAD PROVINCIAL DEL CUSCO _cBIBLIOTECA MUNICIPAL DEL CUSCO |
||
| 082 |
_a869.508 / _bC81 |
||
| 110 |
_aSiglo XXI _96883 |
||
| 245 | _aContra la Dominación A. Salazar B. / | ||
| 260 |
_aPerú : _bSiglo Veintiuno ; _c1984. |
||
| 300 |
_a92 páginas _bfotografías _c14cm |
||
| 440 |
_aColección Equis X _n7 _97412 |
||
| 505 | _aContra la Dominación | ||
| 650 |
_aDominación _93253 |
||
| 942 |
_2ddc _cLIBROS |
||
| 945 |
_anom _d2019-02-28 |
||